O caçador de pipas (Record no. 187331)

MARC details
000 -LÍDER
campo de controle de tamanho fixo 00379 a2200169 4500
001 - NÚMERO DE CONTROLE
campo de controle 187331
020 ## - ISBN - INTERNATIONAL STANDARD BOOK NUMBER
ISBN - International Standard Book Number 987-85-209-1767-1
040 ## - FONTE DA CATALOGAÇÃO
Instituição que transcreveu o registro Magnum
100 ## - ENTRADA PRINCIPAL--NOME PESSOAL
Nome pessoal Hosseini, Klaled
240 10 - TÍTULO UNIFORME
Título uniforme O caçador de pipas
Idioma da obra por
245 10 - TÍTULO
Título O caçador de pipas
300 ## - DESCRIÇÃO FÍSICA
Extensão 365
362 0# - DATAS DE PUBLICAÇÃO E/OU DESIGNAÇÃO SEQUENCIAL
Datas de publicação e/ou designação sequencial 2005
440 #1 - DECLARAÇÃO DE SÉRIE/ENTRADA ADICIONADA--TÍTULO
Título Nova Fronteira
697 ## - ENTRADA DE ASSUNTO LOCAL--ENTIDADE COLETIVA (RLIN)
Nome corporativo ou nome da jurisdição LITERATURA GERAL ESTRANGEIRA
942 ## - ELEMENTOS DE ENTRADA ADICIONADOS (KOHA)
Tipo de material Koha Livros
Holdings
Situação do descarte Situação das perdas Situação física Não pode ser emprestado Biblioteca de origem Biblioteca atual Data de aquisição Total de empréstimos Número de chamada completo Código de barras Data de último acesso Data do preço efetivo Tipo de material Koha
        Magnum Magnum 08/06/2024   890.2.258 MAG00057724 08/06/2024 08/06/2024 Livros
        Magnum Magnum 08/06/2024   890.2.258 MAG00057725 08/06/2024 08/06/2024 Livros